<?xml version="1.0" encoding="UTF-8"?>
<collection xmlns="http://www.loc.gov/MARC21/slim">
 <record>
  <leader>01524nab a2200241 i 4500</leader>
  <controlfield tag="001">publ38230</controlfield>
  <controlfield tag="005">20251110130405.0</controlfield>
  <controlfield tag="008">251110s2025    hu      o     000   eng d</controlfield>
  <datafield tag="022" ind1=" " ind2=" ">
   <subfield code="a">0034-7426</subfield>
  </datafield>
  <datafield tag="024" ind1="7" ind2=" ">
   <subfield code="a">10.15446/recolma.v59n1.122851</subfield>
   <subfield code="2">doi</subfield>
  </datafield>
  <datafield tag="024" ind1="7" ind2=" ">
   <subfield code="a">36421792</subfield>
   <subfield code="2">mtmt</subfield>
  </datafield>
  <datafield tag="040" ind1=" " ind2=" ">
   <subfield code="a">SZTE Publicatio Repozitórium</subfield>
   <subfield code="b">hun</subfield>
  </datafield>
  <datafield tag="041" ind1=" " ind2=" ">
   <subfield code="a">eng</subfield>
  </datafield>
  <datafield tag="100" ind1="1" ind2=" ">
   <subfield code="a">Bayraktar Bahtiyar</subfield>
  </datafield>
  <datafield tag="245" ind1="1" ind2="0">
   <subfield code="a">Some new Hadamard-type inequalities via fractional integral operators</subfield>
   <subfield code="h">[elektronikus dokumentum] /</subfield>
   <subfield code="c"> Bayraktar Bahtiyar</subfield>
  </datafield>
  <datafield tag="260" ind1=" " ind2=" ">
   <subfield code="c">2025</subfield>
  </datafield>
  <datafield tag="300" ind1=" " ind2=" ">
   <subfield code="a">1-28</subfield>
  </datafield>
  <datafield tag="490" ind1="0" ind2=" ">
   <subfield code="a">REVISTA COLOMBIANA DE MATEMÁTICAS</subfield>
   <subfield code="v">59 No. 1</subfield>
  </datafield>
  <datafield tag="520" ind1="3" ind2=" ">
   <subfield code="a">El artículo presenta nuevas desigualdades de tipo Hadamard que se obtienen utilizando operadores integrales fraccionarios pertenecientes a una función cuya derivada de tercer orden es convexa. Las desigualdades de tipo Hadamard propuestas tienen potencial de aplicación en diversas áreas donde se requiere estimar las propiedades de funciones con una derivada convexa de tercer orden. Se dan ejemplos de funciones basados en un análisis comparativo de las estimaciones de los límites superiores de las desigualdades de tipo Hadamard obtenidas utilizando las desigualdades Hölder clásica y extendida. Finalmente, se proporcionan aplicaciones a funciones especiales.</subfield>
  </datafield>
  <datafield tag="650" ind1=" " ind2="4">
   <subfield code="a">Matematika</subfield>
  </datafield>
  <datafield tag="700" ind1="0" ind2="1">
   <subfield code="a">Butt Saad Ihsan</subfield>
   <subfield code="e">aut</subfield>
  </datafield>
  <datafield tag="700" ind1="0" ind2="1">
   <subfield code="a">Kórus Péter</subfield>
   <subfield code="e">aut</subfield>
  </datafield>
  <datafield tag="856" ind1="4" ind2="0">
   <subfield code="u">http://publicatio.bibl.u-szeged.hu/38230/1/2025.SomenewHadamard-typeinequalitiesviafractionalintegraloperators.pdf</subfield>
   <subfield code="z">Dokumentum-elérés </subfield>
  </datafield>
 </record>
</collection>
